Organic name reaction, mechanism and conversion : (Record no. 51175)

MARC details
000 -LEADER
fixed length control field 00658nam a2200229Ia 4500
005 - DATE AND TIME OF LATEST TRANSACTION
control field 20260429111847.0
008 - FIXED-LENGTH DATA ELEMENTS--GENERAL INFORMATION
fixed length control field 260429s9999||||xx |||||||||||||| ||und||
020 ## - INTERNATIONAL STANDARD BOOK NUMBER
International Standard Book Number 9788198144003
041 ## - LANGUAGE CODE
Language English
082 ## - DEWEY DECIMAL CLASSIFICATION NUMBER
Classification number 547
Item number GIR
100 ## - MAIN ENTRY--PERSONAL NAME
Personal name Giri, Nand Gopal
245 #0 - TITLE STATEMENT
Title Organic name reaction, mechanism and conversion :
Remainder of title fundamentals to advanced synthesis strategies /
Statement of responsibility, etc Nand Gopal Giri
250 ## - EDITION STATEMENT
Edition statement 1st ed.
260 ## - PUBLICATION, DISTRIBUTION, ETC. (IMPRINT)
Place of publication, distribution, etc New Delhi :
Name of publisher, distributor, etc Ane Books,
Date of publication, distribution, etc 2025.
300 ## - PHYSICAL DESCRIPTION
Extent 377 p.; hb
650 ## - SUBJECT ADDED ENTRY--TOPICAL TERM
Topical term or geographic name as entry element Organic chemistry
650 ## - SUBJECT ADDED ENTRY--TOPICAL TERM
Topical term or geographic name as entry element Organic reactions
650 ## - SUBJECT ADDED ENTRY--TOPICAL TERM
Topical term or geographic name as entry element Chemistry
700 ## - ADDED ENTRY--PERSONAL NAME
Personal name Saluja, Pooja
700 ## - ADDED ENTRY--PERSONAL NAME
Personal name Shukla, S.K.
942 ## - ADDED ENTRY ELEMENTS (KOHA)
Koha item type Text Books
Holdings
Withdrawn status Lost status Damaged status Not for loan Collection code Home library Location Shelving location Date of Cataloging Source of acquisition Total Checkouts Full call number Barcode Date last seen Price effective from Koha item type
        Non-fiction CUTN Central Library CUTN Central Library Sciences 29/04/2026 Prashant Book Agency, New Delhi - Invoice No. 536 on 09-02-2026   547 GIR 56030 29/04/2026 29/04/2026 Text Books